• 首页
  • 本馆介绍
  • 公告通知
  • 最新文献
  • 馆藏检索
  • 电子资源
  • 读者导购
  • 参考咨询
  • 我的图书馆
  • 登录
  • 详细信息显示
  • 放入我的书架
  • 预约/预借图书
  • 作者相关作品
  • 分类相关作品
  • 丛书相关作品
  • 出版社相关作品

书目信息

  • 表格格式
  • 工作单格式
  • 卡片格式
题名:
RFID的现状和发展趋势
    
 
作者: ;郑维强 译 ;NTT COMWARE株式会社 著
分册:  
出版信息: 北京   人民邮电出版社  2007
页数: 129页
开本: 21cm
丛书名: RFID技术丛书
单 册:
中图分类: TN911.23
科图分类:
主题词: 射频--无线电信号--信号识别
电子资源:
ISBN: 978-7-115-15574-0
000 00987oam2 2200289 450
001 012004110162
005 20080303092929.48
009 012004110162
010    @a978-7-115-15574-0@dCNY13.00
035    @a(110120)012006122322
100    @a20070213d2007 em y0chiy0110 ea
101 1  @achi@cjpn
102    @aCN@b110000
105    @ay z 000yy
106    @ar
200 1  @aRFID的现状和发展趋势@ARFID de xian zhuang he fa zhan qu shi@fNTT COMWARE株式会社研究开发部著@g郑维强译
210    @a北京@c人民邮电出版社@d2007
215    @a129页@d21cm
225 2  @aRFID技术丛书
330    @a本书共分为6章,内容包括:RFID的现状、RFID的标准化、非接触型IC卡、建设系统时要注意的问题、日本的案例以及附录。
461  0 @12001 @aRFID技术丛书
606 0  @a射频@x无线电信号@x信号识别
690    @aTN911.23@v4
702  0 @a郑维强@Azheng wei qiang@4译
711 02 @aNTT COMWARE株式会社@ANTT COMWARE zhu shi hui she@b研究开发部@4著
801  0 @aCN@b110120@c20080303
905    @dTN911.23@e118@f4
    
    RFID的现状和发展趋势/NTT COMWARE株式会社研究开发部著/郑维强译.-北京:人民邮电出版社,2007
    129页;21cm.-(RFID技术丛书)
    
    
    ISBN 978-7-115-15574-0:CNY13.00
    本书共分为6章,内容包括:RFID的现状、RFID的标准化、非接触型IC卡、建设系统时要注意的问题、日本的案例以及附录。
●
相关链接 在E读中查询图书 在五车中查询图书 在当当中查询图书 在豆瓣中查询图书


正题名:RFID的现状和发展趋势     索取号:TN911.23/118         预约/预借

序号 登录号 条形码 馆藏地/架位号 状态 备注
1 0793184   207931844   第二样本阅览室/ [索取号:TN911.23/118] 在馆    
2 0793185   207931853   第三借阅区/ [索取号:TN911.23/118] 在馆    
3 0793186   207931862   第三借阅区/ [索取号:TN911.23/118] 在馆    
4 0793187   207931871   第三借阅区/ [索取号:TN911.23/118] 在馆    
唐山师范学院图书馆 欢迎您!
大连网信软件有限公司© 版权所有